[Event "Lichtenberger Sommer 2023"]
[Site "Berlin"]
[Date "2023.08.16"]
[Round "5.79"]
[White "Nguyen, Viet Anh"]
[Black "Potgieter, Edward"]
[Result "0-1"]
[WhiteElo "1425"]
[BlackElo "1719"]
[Annotator "Luca"]
[PlyCount "44"]
[EventDate "2023.??.??"]
[WhiteTeam "SC Friesen Lichtenberg e.V."]
[BlackTeam "Johannesburg Metro Chess"]

1. e4 e5 2. Nf3 Nc6 3. Nc3 Nf6 4. d4 exd4 5. Nd5 Be7 6. Bf4 d6 7. Bb5 O-O 8.
Bxc6 bxc6 9. Nxf6+ Bxf6 10. Nxd4 c5 11. Nc6 Qe8 12. Na5 Qxe4+ 13. Be3 Bxb2 14.
O-O Bxa1 15. Qxa1 Qxc2 16. Qb1 Qxb1 17. Rxb1 Bf5 18. Rb7 Rab8 19. h3 Rxb7 20.
Nxb7 Be4 21. Na5 Bd5 22. Nb3 Bxb3 0-1

[Event "Lichtenberger Sommer 2023"]
[Site "Berlin"]
[Date "2023.08.16"]
[Round "5.80"]
[White "Morper, Justus"]
[Black "Bunkens, Rudi"]
[Result "1/2-1/2"]
[WhiteElo "1432"]
[BlackElo "1694"]
[PlyCount "61"]
[EventDate "2023.??.??"]
[WhiteTeam "SV Mattnetz Berlin e.V."]
[BlackTeam "Koninklijke Gentse SK"]

1. e4 c5 2. c3 d5 3. exd5 Qxd5 4. d4 g6 5. Nf3 Bg7 6. Be2 Nc6 7. Be3 cxd4 8.
cxd4 Nf6 9. Nc3 Qa5 10. O-O O-O 11. Qd2 Nd5 12. a3 Nxe3 13. fxe3 Rd8 14. Bd3
Be6 15. b4 Qh5 16. Rac1 Qh6 17. Qe2 a6 18. Ne4 Bf5 19. Nc5 Bxd3 20. Nxd3 Rac8
21. Nc5 Na7 22. Nxb7 Rxc1 23. Rxc1 Bxd4 24. Nxd4 Rxd4 25. Rc7 Re4 26. Nc5 Rh4
27. Rxa7 Rxh2 28. Ra8+ Kg7 29. Qb2+ f6 30. Ne6+ Kf7 31. Nd8+ 1/2-1/2

[Event "Lichtenberger Sommer 2023"]
[Site "Berlin"]
[Date "2023.08.16"]
[Round "5.81"]
[White "Glienke, Michael"]
[Black "Schade, Stanley"]
[Result "1-0"]
[WhiteElo "1692"]
[BlackElo "1500"]
[PlyCount "63"]
[EventDate "2023.??.??"]
[WhiteTeam "SC Kreuzberg e.V."]
[BlackTeam "vereinslos"]

1. d4 d5 2. Bf4 Nf6 3. e3 c5 4. Nf3 Nc6 5. c3 Qb6 6. b3 Bf5 7. dxc5 Qxc5 8. Bd3
Bxd3 9. Qxd3 e6 10. O-O Be7 11. Nbd2 h6 12. Bc7 Rc8 13. Bg3 O-O 14. Rfc1 Nh5
15. Be5 Nxe5 16. Nxe5 Rfd8 17. Qe2 Nf6 18. c4 Qd6 19. f4 Nd7 20. Ndf3 Bf6 21.
cxd5 Bxe5 22. fxe5 Nxe5 23. dxe6 Qxe6 24. Nd4 Rxc1+ 25. Rxc1 Qe7 26. h3 a6 27.
Rc3 Ng6 28. Qf3 Qb4 29. Rc7 Qe1+ 30. Kh2 Ne5 31. Qf4 f6 32. Ne6 1-0

[Event "Lichtenberger Sommer 2023"]
[Site "Berlin"]
[Date "2023.08.16"]
[Round "5.82"]
[White "Hildebrand, Azat"]
[Black "Pöltelt, Helmut"]
[Result "1/2-1/2"]
[WhiteElo "1419"]
[BlackElo "1673"]
[PlyCount "69"]
[EventDate "2023.??.??"]
[WhiteTeam "SC Borussia Lichtenberg"]
[BlackTeam "SC Eintracht Berlin e.V."]

1. d4 d5 2. Nf3 e6 3. e3 c6 4. Bd3 f5 5. c4 Nf6 6. Nc3 Bd6 7. O-O O-O 8. b3 Ne4
9. Bb2 Nd7 10. Rc1 Nxc3 11. Bxc3 Nf6 12. Nd2 Ne4 13. Nxe4 fxe4 14. Be2 Qh4 15.
h3 Bd7 16. Be1 Qh6 17. cxd5 exd5 18. Bg4 Rad8 19. Bxd7 Rxd7 20. Qg4 Rdf7 21.
Rb1 Rf5 22. b4 Rg5 23. Qd7 Bb8 24. h4 Qxh4 25. f4 Qg4 26. Qxg4 Rxg4 27. b5 Rg6
28. bxc6 bxc6 29. Bb4 Bd6 30. Bxd6 Rxd6 31. Rb7 Rf7 32. Rb8+ Rf8 33. Rb7 Rf7
34. Rb8+ Rf8 35. Rb7 1/2-1/2

[Event "Lichtenberger Sommer 2023"]
[Site "Berlin"]
[Date "2023.08.16"]
[Round "5.83"]
[White "Hieronimus, Matthias"]
[Black "Hauer, Benno"]
[Result "1/2-1/2"]
[WhiteElo "1673"]
[BlackElo "1330"]
[PlyCount "91"]
[EventDate "2023.??.??"]
[WhiteTeam "vereinslos"]
[BlackTeam "SVG Saarbrücken 1970 e.V."]

1. Nf3 Nf6 2. c4 e6 3. d4 d5 4. g3 c5 5. cxd5 exd5 6. Bg2 Nc6 7. O-O Bg4 8. Be3
Qb6 9. Qb3 Qxb3 10. axb3 Bxf3 11. Bxf3 Nxd4 12. Nd2 Nc2 13. Rac1 Nxe3 14. fxe3
g6 15. e4 dxe4 16. Nxe4 Nxe4 17. Bxe4 Rb8 18. Bd5 f5 19. e4 fxe4 20. Rce1 Kd7
21. Rxe4 Kc7 22. Rf7+ Kb6 23. Re6+ Ka5 24. Rf4 b5 25. Rf1 Bg7 26. Ra1+ Kb4 27.
Rxa7 Bxb2 28. Ree7 h6 29. Kg2 Rhd8 30. Rad7 Rxd7 31. Rxd7 Rb6 32. h4 c4 33.
bxc4 bxc4 34. Rc7 c3 35. Rc4+ Ka3 36. Be4 Kb3 37. Rc5 Rd6 38. Kf3 Rd2 39. Bxg6
c2 40. Bxc2+ Rxc2 41. Rxc2 Kxc2 42. Kg4 Bc1 43. Kh5 Kd3 44. g4 Ke4 45. g5 hxg5
46. hxg5 1/2-1/2

[Event "Lichtenberger Sommer 2023"]
[Site "Berlin"]
[Date "2023.08.16"]
[Round "5.84"]
[White "Uhlenbrock, Sven"]
[Black "Ali, Maha"]
[Result "0-1"]
[WhiteElo "1659"]
[BlackElo "1325"]
[PlyCount "74"]
[EventDate "2023.??.??"]
[WhiteTeam "vereinslos"]
[BlackTeam "SK Zehlendorf e.V."]

1. d4 d5 2. Bf4 Nf6 3. e3 e6 4. Nd2 c5 5. c3 Bd6 6. Bg3 O-O 7. Ngf3 Qc7 8. dxc5
Qxc5 9. Bd3 Nbd7 10. e4 dxe4 11. Nxe4 Nxe4 12. Bxe4 Bxg3 13. hxg3 Nf6 14. Qe2
h6 15. Bc2 Bd7 16. a4 Bc6 17. O-O Qh5 18. Qe5 Bxf3 19. Qxh5 Bxh5 20. f3 Nd5 21.
Rfe1 Ne7 22. Re5 Bg6 23. Bxg6 Nxg6 24. Rb5 Rab8 25. Rd1 a6 26. Rb6 Ne5 27. Rbd6
Nc4 28. Rd7 Nxb2 29. Rb1 Nxa4 30. Rdxb7 Rxb7 31. Rxb7 Nxc3 32. Ra7 Rb8 33. Rxa6
Rb1+ 34. Kf2 Rb2+ 35. Kf1 Nd5 36. Ra8+ Kh7 37. Ra3 Rc2 0-1

[Event "Lichtenberger Sommer 2023"]
[Site "Berlin"]
[Date "2023.08.16"]
[Round "5.85"]
[White "Müller, Johannes"]
[Black "Schmidt, Alexander Nadvid"]
[Result "1-0"]
[WhiteElo "1651"]
[BlackElo "1274"]
[PlyCount "65"]
[EventDate "2023.??.??"]
[WhiteTeam "SC Eintracht Berlin e.V."]
[BlackTeam "SK Zehlendorf e.V."]

1. e4 e5 2. Nc3 Nc6 3. g3 Bc5 4. Bg2 d6 5. Na4 Nf6 6. d3 Bg4 7. f3 Be6 8. Ne2
b5 9. Nxc5 dxc5 10. O-O c4 11. dxc4 Bxc4 12. Kf2 Nd4 13. Nxd4 Qxd4+ 14. Qxd4
exd4 15. Rd1 c5 16. b3 Be6 17. h3 O-O-O 18. a4 bxa4 19. Rxa4 Kb7 20. f4 Kb6 21.
Bd2 Rc8 22. Ba5+ Kb5 23. Rda1 Nd7 24. Bd2 Nb6 25. Rxa7 Rhd8 26. R1a5+ Kc6 27.
e5+ Nd5 28. g4 f5 29. R5a6+ Kb5 30. Bf1+ c4 31. bxc4+ Kc5 32. Rxe6 Nc7 33. Ra5+
1-0

[Event "Lichtenberger Sommer 2023"]
[Site "Berlin"]
[Date "2023.08.16"]
[Round "5.86"]
[White "Krawczyk, Harald"]
[Black "Pawlowski, Lion"]
[Result "1-0"]
[WhiteElo "1641"]
[BlackElo "1200"]
[PlyCount "103"]
[EventDate "2023.??.??"]
[WhiteTeam "SG Rot-Weiß Neuenhagen"]
[BlackTeam "SC Zugzwang 95 e.V."]

1. d4 e6 2. c4 Nf6 3. Nf3 d5 4. cxd5 Bb4+ 5. Bd2 a5 6. a3 Bxd2+ 7. Nbxd2 exd5
8. e3 O-O 9. Bd3 Nbd7 10. O-O b6 11. Ne5 Bb7 12. Nxd7 Qxd7 13. Nf3 c5 14. Re1
c4 15. Bc2 Rac8 16. Ne5 Qd6 17. Qd2 Ne4 18. Bxe4 dxe4 19. Rec1 Ba6 20. f3 exf3
21. Nxf3 Rc7 22. Rc3 Rfc8 23. Qf2 b5 24. Ne5 b4 25. axb4 axb4 26. Rcc1 c3 27.
bxc3 bxc3 28. Qc2 Qe6 29. Kf2 f6 30. Nf3 Bb7 31. Ra3 Be4 32. Qa2 Qxa2+ 33. Rxa2
Rb7 34. Kg3 c2 35. Nd2 Bf5 36. Kf4 Bg6 37. e4 Rbc7 38. d5 Kf8 39. g4 Ke7 40.
Ra6 Rd8 41. Nf3 Rdc8 42. d6+ Kd7 43. dxc7 Rxc7 44. Ra2 Rc4 45. Nd2 Rd4 46.
Raxc2 Ke7 47. Rb2 Be8 48. Nf3 g5+ 49. Kg3 Rxe4 50. Re1 Bc6 51. Rxe4+ Bxe4 52.
Re2 1-0

[Event "Lichtenberger Sommer 2023"]
[Site "Berlin"]
[Date "2023.08.16"]
[Round "5.87"]
[White "Mielchen, Marvin"]
[Black "Teusch, Lucas"]
[Result "0-1"]
[WhiteElo "1000"]
[BlackElo "1605"]
[PlyCount "99"]
[EventDate "2023.??.??"]
[WhiteTeam "vereinslos"]
[BlackTeam "Leegebrucher SF"]

1. d4 d5 2. Bf4 c5 3. c3 Qb6 4. Qb3 Qxb3 5. axb3 cxd4 6. cxd4 Nc6 7. e3 a6 8.
Nf3 Nf6 9. Bd3 Nb4 10. Ne5 Nh5 11. O-O Nxf4 12. exf4 f6 13. Bb5+ Nc6 14. Nxc6
Bd7 15. Rc1 Rc8 16. Bxa6 Rxc6 17. Rxc6 Bxc6 18. Be2 g6 19. Nc3 e6 20. Bb5 Kd7
21. Bxc6+ Kxc6 22. Ra8 Bg7 23. Rxh8 Bxh8 24. b4 f5 25. g3 Bxd4 26. Kf1 Bxc3 27.
bxc3 Kb5 28. Ke2 Kc4 29. Kd2 d4 30. cxd4 Kxd4 31. Kc2 Kc4 32. Kb2 Kxb4 33. Kc2
Ka3 34. Kc3 b5 35. f3 b4+ 36. Kd3 b3 37. g4 b2 38. gxf5 exf5 39. h3 b1=Q+ 40.
Ke3 Qe1+ 41. Kd4 Kb4 42. Kd5 Qe3 43. h4 Qxf3+ 44. Ke6 Qxf4 45. h5 Qe4+ 46. Kf6
f4 47. h6 f3 48. Kg7 g5 49. Kf6 f2 50. Kg7 0-1

[Event "Lichtenberger Sommer 2023"]
[Site "Berlin"]
[Date "2023.08.16"]
[Round "5.88"]
[White "Rotermund, Verena"]
[Black "Udod, Oleksandra"]
[Result "0-1"]
[WhiteElo "1553"]
[BlackElo "845"]
[PlyCount "80"]
[EventDate "2023.??.??"]
[WhiteTeam "Vorw.Orient Mainz"]
[BlackTeam "SK Zehlendorf e.V."]

1. e4 d5 2. exd5 Nf6 3. c4 c6 4. d4 cxd5 5. Nc3 Nc6 6. h3 Bf5 7. Be3 h6 8. Nf3
e6 9. Rc1 Qb6 10. cxd5 exd5 11. Bb5 a6 12. Bxc6+ bxc6 13. Qe2 Ne4 14. Bf4 Bb4
15. Nh4 Be6 16. Be5 O-O 17. O-O f6 18. Nxe4 fxe5 19. Nc5 Bxc5 20. dxc5 Qc7 21.
f4 e4 22. f5 Bd7 23. Qe3 Qc8 24. Ng6 Rf7 25. f6 Qd8 26. Ne5 Rxf6 27. Rxf6 gxf6
28. Nxd7 Qxd7 29. Qxh6 Qg7 30. Qe3 Qg5 31. Qxg5+ fxg5 32. Rd1 Rf8 33. Re1 g4
34. hxg4 Rf4 35. b4 d4 36. Rf1 Rxg4 37. Rf6 Rg5 38. Rd6 Rd5 39. Rxc6 d3 40.
Rc8+ Kf7 0-1

[Event "Lichtenberger Sommer 2023"]
[Site "Berlin"]
[Date "2023.08.16"]
[Round "5.89"]
[White "Rohde, Carmen"]
[Black "Fiedler, Ronald"]
[Result "0-1"]
[WhiteElo "1000"]
[BlackElo "1642"]
[PlyCount "86"]
[EventDate "2023.??.??"]
[WhiteTeam "SV Mattnetz Berlin e.V."]
[BlackTeam "SVG Läufer Reinickendorf e.V."]

1. e4 c5 2. Nf3 e6 3. Bc4 Nc6 4. d3 Be7 5. Be3 a6 6. Nc3 Qc7 7. Qd2 Nf6 8. O-O
O-O 9. Rfe1 b5 10. Bb3 d6 11. a3 e5 12. Bd5 Bb7 13. Bg5 Nd4 14. Nxd4 cxd4 15.
Ne2 Nxd5 16. exd5 Bxd5 17. Ng3 f6 18. Bh6 gxh6 19. Qxh6 Rf7 20. Rac1 Bf8 21.
Qh3 Rg7 22. f3 Re8 23. Nf5 Rg6 24. Ng3 Be6 25. Nf5 Qd7 26. Qh5 Bxf5 27. g4 Rg5
28. Qh3 Re7 29. Kh1 Be6 30. Qg2 Bd5 31. h3 Reg7 32. Rf1 f5 33. Qf2 R7g6 34. Kh2
fxg4 35. fxg4 Bh6 36. Kg3 Rxg4+ 37. hxg4 Rxg4+ 38. Kh2 Rg2+ 39. Qxg2+ Bxg2 40.
Kxg2 Bxc1 41. Rxc1 Qg4+ 42. Kf2 Qf4+ 43. Ke2 Qxc1 0-1

[Event "Lichtenberger Sommer 2023"]
[Site "Berlin"]
[Date "2023.08.16"]
[Round "5.90"]
[White "Rapp, David"]
[Black "Lotzmanov, Peter"]
[Result "0-1"]
[WhiteElo "1271"]
[BlackElo "1591"]
[PlyCount "80"]
[EventDate "2023.??.??"]
[WhiteTeam "SV Königsjäger Süd-West e.V."]
[BlackTeam "BSG Stahl Eisenhüttenstadt e.V."]

1. d4 Nf6 2. c4 g6 3. Nf3 Bg7 4. Nc3 O-O 5. e4 d6 6. Be2 e5 7. dxe5 dxe5 8. Bg5
Nbd7 9. Qc2 c6 10. Rd1 Qc7 11. O-O h6 12. Bh4 g5 13. Bg3 Nh5 14. Qc1 Nxg3 15.
fxg3 Nf6 16. h3 g4 17. Nh4 gxh3 18. Nf5 hxg2 19. Kxg2 Bxf5 20. Rxf5 Rad8 21.
Rdf1 Ne8 22. Bh5 Nd6 23. R5f3 f6 24. c5 Nf7 25. Bg6 Ng5 26. Rf5 Qa5 27. Qe3 Qb4
28. R1f2 Rd4 29. a3 Qxc5 30. Qe1 Rfd8 31. Qh1 Rd2 32. Qe1 Qd4 33. Qb1 Qd3 34.
Qa2+ Kh8 35. Rxd2 Qxd2+ 36. Rf2 Qe3 37. Re2 Qf3+ 38. Kh2 Qf1 39. Bh5 Qh3+ 40.
Kg1 Qxh5 0-1

[Event "Lichtenberger Sommer 2023"]
[Site "Berlin"]
[Date "2023.08.16"]
[Round "5.91"]
[White "Koerber, Bernhard"]
[Black "Sauer, Jakob"]
[Result "0-1"]
[WhiteElo "1451"]
[BlackElo "1353"]
[PlyCount "76"]
[EventDate "2023.??.??"]
[WhiteTeam "SG Lasker Stegli"]
[BlackTeam "TSG Oberschöneweide e.V."]

1. e4 e5 2. Nf3 Nc6 3. Bb5 Bc5 4. O-O d6 5. Bxc6+ bxc6 6. d4 exd4 7. Nxd4 Qf6
8. c3 Ne7 9. Be3 d5 10. Nd2 O-O 11. Re1 Qg6 12. e5 Bh3 13. g3 Bxd4 14. Bxd4 Nf5
15. Qc2 Qg4 16. f3 Nxd4 17. Qd1 Nxf3+ 18. Qxf3 Rfe8 19. Qxg4 Bxg4 20. Nb3 Re7
21. Re3 Rae8 22. Rae1 f6 23. e6 Rxe6 24. Rxe6 Rxe6 25. Rxe6 Bxe6 26. Nc5 Bc8
27. a4 Kf7 28. Kf2 Ke7 29. Ke3 Kd6 30. b4 g5 31. h4 Ke5 32. hxg5 fxg5 33. Nd3+
Kf5 34. Kf3 h5 35. g4+ hxg4+ 36. Kg3 Ke4 37. Nc5+ Ke3 38. a5 Kd2 0-1

[Event "Lichtenberger Sommer 2023"]
[Site "Berlin"]
[Date "2023.08.16"]
[Round "5.92"]
[White "Zesewitz, Uwe"]
[Black "Lippert, Marc"]
[Result "1-0"]
[WhiteElo "1378"]
[BlackElo "1103"]
[PlyCount "135"]
[EventDate "2023.??.??"]
[WhiteTeam "SV SF Friedrichshagen"]
[BlackTeam "SVG Läufer Reinickendorf e.V."]

1. f4 d5 2. Nf3 g6 3. e3 Bg7 4. d3 Nf6 5. Be2 c5 6. c3 Nc6 7. O-O O-O 8. Qe1 b6
9. Ne5 Bb7 10. Bf3 Rc8 11. Nd2 e6 12. g4 d4 13. Ndc4 Qc7 14. Nxc6 Bxc6 15. Bxc6
Qxc6 16. Ne5 Qb7 17. e4 Nd7 18. Nc4 Qa6 19. e5 f6 20. Nd6 Rcd8 21. c4 fxe5 22.
g5 Nb8 23. Ne4 Kh8 24. Bd2 Nd7 25. b3 b5 26. Qe2 bxc4 27. bxc4 Rb8 28. Bc1 Rb7
29. h4 Rfb8 30. fxe5 Rb1 31. Rxb1 Rxb1 32. Bf4 Rxf1+ 33. Kxf1 Nxe5 34. Bxe5
Bxe5 35. Qf2 Kg7 36. Nxc5 Qc6 37. Ne4 Qc7 38. Nf6 Qf7 39. Kg2 Qb7+ 40. Ne4 Qf7
41. Qxf7+ Kxf7 42. c5 Ke7 43. c6 a5 44. a4 Bd6 45. Kf3 e5 46. Nf6 Kd8 47. Nxh7
Kc7 48. Nf6 Kxc6 49. Ne4 Be7 50. Kg4 Kd7 51. h5 gxh5+ 52. Kxh5 Bxg5 53. Kxg5
Ke6 54. Kg6 Ke7 55. Kf5 Kf7 56. Kxe5 Kg6 57. Kxd4 Kf5 58. Nc5 Kf6 59. Kd5 Kf5
60. Nb7 Kf4 61. Nxa5 Ke3 62. d4 Kd3 63. Nc4 Kc3 64. a5 Kb4 65. a6 Kb5 66. a7
Ka6 67. a8=Q+ Kb5 68. Qa5# 1-0

[Event "Lichtenberger Sommer 2023"]
[Site "Berlin"]
[Date "2023.08.16"]
[Round "5.93"]
[White "Franz, Jonathan"]
[Black "Lange, Christoph"]
[Result "1/2-1/2"]
[WhiteElo "1537"]
[BlackElo "1320"]
[PlyCount "95"]
[EventDate "2023.??.??"]
[WhiteTeam "Potsdamer SV Mitte e.V."]
[BlackTeam "TSG Oberschöneweide e.V."]

1. d4 d5 2. c4 e6 3. Nc3 Nf6 4. cxd5 exd5 5. Bg5 Be7 6. Qc2 c6 7. e3 Be6 8. Bd3
Nbd7 9. Nge2 h6 10. Bh4 Nb6 11. O-O O-O 12. f3 Nfd7 13. Bxe7 Qxe7 14. Rad1 Nf6
15. Rfe1 Rac8 16. e4 dxe4 17. fxe4 Bc4 18. h3 Bxd3 19. Qxd3 Rfe8 20. e5 Nfd5
21. Ne4 Rc7 22. a3 Rf8 23. N2g3 Qd8 24. Rf1 f5 25. Nc5 Qe7 26. Nxf5 Qe8 27. Qg3
Rcf7 28. Nxh6+ Kh8 29. Nxf7+ Rxf7 30. Qh4+ Kg8 31. Rxf7 Qxf7 32. Qd8+ Kh7 33.
Rf1 Qg6 34. e6 Ne3 35. Qh4+ Kg8 36. Rf2 Nc8 37. Qd8+ Kh7 38. Qh4+ Kg8 39. Kh2
Nd6 40. Qg3 Qxg3+ 41. Kxg3 b6 42. e7 bxc5 43. e8=Q+ Nxe8 44. dxc5 Nd5 45. Re2
Kf7 46. Kg4 Nef6+ 47. Kf5 g6+ 48. Ke5 1/2-1/2

[Event "Lichtenberger Sommer 2023"]
[Site "Berlin"]
[Date "2023.08.16"]
[Round "5.94"]
[White "Reekers, Anton"]
[Black "Dragnev, Stoyan"]
[Result "0-1"]
[WhiteElo "1508"]
[BlackElo "1100"]
[PlyCount "52"]
[EventDate "2023.??.??"]
[WhiteTeam "SC Kreuzberg e.V."]
[BlackTeam "vereinslos"]

1. d4 d5 2. Nf3 c6 3. Bf4 Bf5 4. c4 e6 5. e3 Nf6 6. Qb3 b6 7. Nc3 c5 8. h3 Nc6
9. cxd5 exd5 10. Bb5 Rc8 11. Ne5 Bd7 12. Nxd7 Qxd7 13. O-O Bd6 14. Nxd5 O-O 15.
Nxf6+ gxf6 16. d5 Bxf4 17. Bxc6 Qc7 18. exf4 Qxf4 19. Rfe1 Kh8 20. Re7 Rg8 21.
Rxf7 Rxg2+ 22. Kxg2 Qe4+ 23. Qf3 Rg8+ 24. Kf1 Qxf3 25. Bb5 Qxh3+ 26. Ke2 Qh5+
0-1

[Event "Lichtenberger Sommer 2023"]
[Site "Berlin"]
[Date "2023.08.16"]
[Round "5.95"]
[White "Biermann, Oliver"]
[Black "Hildebrand, Jörg"]
[Result "0-1"]
[WhiteElo "1174"]
[BlackElo "1552"]
[PlyCount "50"]
[EventDate "2023.??.??"]
[WhiteTeam "SC Kreuzberg e.V."]
[BlackTeam "SF Berlin 1903 e.V."]

1. d4 d6 2. Nf3 Bg4 3. Bf4 Bxf3 4. gxf3 Nd7 5. e4 e5 6. dxe5 dxe5 7. Bg3 Qf6 8.
Nd2 g6 9. Qe2 a6 10. O-O-O Bh6 11. Kb1 Nb6 12. Nc4 Bf4 13. Nxb6 Qxb6 14. Bxf4
exf4 15. Bh3 Ne7 16. Bd7+ Kf8 17. Qd2 g5 18. e5 Nc6 19. Rhe1 Kg7 20. e6 fxe6
21. Rxe6 Rhd8 22. Qc3+ Kg8 23. Qf6 Qc5 24. a3 Rf8 25. Qd4 Nxd4 0-1

[Event "Lichtenberger Sommer 2023"]
[Site "Berlin"]
[Date "2023.08.16"]
[Round "5.96"]
[White "Lippianowski, Stefan"]
[Black "Franchina, Giuseppe"]
[Result "1/2-1/2"]
[WhiteElo "1064"]
[BlackElo "1200"]
[PlyCount "102"]
[EventDate "2023.??.??"]
[WhiteTeam "SV Mattnetz Berlin e.V."]
[BlackTeam "vereinslos"]

1. d4 e6 2. Nf3 Nf6 3. Nc3 Bb4 4. Bd2 O-O 5. a3 Be7 6. e4 d5 7. e5 Ne4 8. Qe2
c5 9. Nb5 a6 10. Nd6 Bxd6 11. Bc3 Be7 12. Nd2 Bd7 13. Nxe4 Bb5 14. Qf3 f5 15.
Nxc5 Bxc5 16. dxc5 d4 17. Bb4 Nc6 18. Qb3 Re8 19. f4 d3 20. Bxd3 Qd4 21. O-O-O
Qxf4+ 22. Kb1 Nd4 23. Qa2 Qxe5 24. Rhe1 Qf6 25. c3 Bxd3+ 26. Rxd3 Nc6 27. Rde3
Nd8 28. Qc4 a5 29. c6 bxc6 30. Bc5 Qg6 31. Rg3 Qf6 32. Bd4 Qh4 33. Rxg7+ Kf8
34. Qc5+ Re7 35. Rg3 Kf7 36. Rg7+ Ke8 37. Re3 Rxg7 38. Bxg7 Qg5 39. Qf8+ Kd7
40. Rd3+ Kc7 41. Be5+ Kb7 42. Bf6 Qg6 43. Bxd8 f4 44. Qe7+ Ka6 45. Qc5 Qxd3+
46. Ka2 Rxd8 47. Qxc6+ Ka7 48. Qc7+ Ka8 49. Qc6+ Kb8 50. Qb6+ Kc8 51. Qc6+ Kb8
1/2-1/2